MARC

LEADER 00000nam0a2200000 4500
001 45328
005 20231101210938.0
010 |a 5824302472 
035 |a (RuTPU)RU\TPU\book\47118 
090 |a 45328 
100 |a 20021209d2001 k y0rusy50 ca 
101 0 |a rus 
102 |a RU 
105 |a y z 001zy 
200 1 |a Арабский Восток: власть и конституции  |f М. А. Сапронова  |g Московский государственный институт международных отношений (университет) МИД РФ 
210 |a Москва  |c Росспэн  |d 2001 
215 |a 216 с. 
225 1 |a Научные труды МГИМО 
320 |a Библиогр.: с. 211-214. 
606 1 |a Азиатские государства  |x Внутренняя политика  |2 stltpush  |3 (RuTPU)RU\TPU\subj\1569  |9 30327 
610 1 |a политика 
610 1 |a Восток 
610 1 |a арабский мир 
610 1 |a арабы 
610 1 |a арабские страны 
610 1 |a право 
610 1 |a конституционное право 
610 1 |a Конституция 
610 1 |a власть 
610 1 |a государство 
610 1 |a права человека 
610 1 |a свободы 
610 1 |a человек 
686 |a Ф3(5)  |v LBC/SL-A  |2 rubbk 
686 |a Х7(5)  |v LBC/SL-A  |2 rubbk 
700 1 |a Сапронова  |b М. А.  |g Марина Анатольевна 
712 0 2 |a Московский государственный институт международных отношений (университет) МИД РФ  |2 stltpush  |3 (RuTPU)RU\TPU\col\364 
801 1 |a RU  |b 63413507  |c 20021209  |g PSBO 
801 2 |a RU  |b 63413507  |c 20131227  |g PSBO 
942 |c BK